[Event "FIDE Grand Prix Beijing"]
[Site "Beijing CHN"]
[Date "2013.07.15"]
[EventDate "2013.07.04"]
[Round "10"]
[Result "1/2-1/2"]
[White "Peter Leko"]
[Black "Wang Hao"]
[WhiteElo "2737"]
[BlackElo "2752"]
[PlyCount "57"]

1. d4 d5 2. c4 c6 3. cxd5 cxd5 4. Bf4 Nc6 5. e3 Nf6 6. Nc3 a6
7. Bd3 Bg4 8. Nge2 e6 9. O-O Be7 10. Rc1 O-O 11. Na4 Nd7
12. f3 Bh5 13. Qb3 Ra7 14. Bg3 Bg6 15. Nf4 Bg5 16. Rfe1 Bxf4
17. Bxf4 Bxd3 18. Qxd3 Qa5 19. b3 Raa8 20. Re2 Rac8 21. Rec2
Rfe8 22. Bg3 h5 23. Qe2 Qd8 24. Qf2 Qe7 25. h3 Rcd8 26. Bc7
Rc8 27. Bg3 Rcd8 28. Bc7 Rc8 29. Bg3 1/2-1/2

[Event "FIDE Grand Prix Beijing"]
[Site "Beijing CHN"]
[Date "2013.07.16"]
[EventDate "2013.07.04"]
[Round "11"]
[Result "1-0"]
[White "Wang Hao"]
[Black "Gata Kamsky"]
[WhiteElo "2752"]
[BlackElo "2763"]
[PlyCount "84"]

1. d4 Nf6 2. c4 e6 3. Nc3 Bb4 4. Nf3 b6 5. e3 Bb7 6. Bd3 c5
7. O-O O-O 8. Na4 d6 9. a3 Ba5 10. Rb1 Na6 11. b3 Ne4 12. Bb2
f5 13. Qe2 Qe8 14. Ba1 Qg6 15. d5 Rae8 16. Rfd1 Kh8 17. Nh4
Qh6 18. g3 b5 19. cxb5 Nc7 20. b4 cxb4 21. axb4 Bb6 22. Bxe4
fxe4 23. dxe6 Qxe6 24. Rd2 Qf7 25. Rxd6 Ne6 26. Rbd1 Ng5
27. Rd7 Re7 28. Nxb6 axb6 29. Rd8 Bc8 30. Rxc8 Rxc8 31. Qg4
Rf8 32. Qxg5 Qxf2+ 33. Kh1 Qe2 34. Rg1 Rf2 35. Ng2 Rxg2
36. Bxg7+ Rxg7 37. Qd8+ Rg8 38. Qf6+ Rg7 39. Rxg2 Qxe3 40. Rc2
h5 41. Rc8+ Kh7 42. Qf5+ Rg6 1-0

[Event "Dortmund Sparkassen"]
[Site "Dortmund GER"]
[Date "2013.07.26"]
[EventDate "2013.07.26"]
[Round "1"]
[Result "1-0"]
[White "Vladimir Kramnik"]
[Black "Wang Hao"]
[WhiteElo "2784"]
[BlackElo "2752"]
[PlyCount "51"]

1. d4 d5 2. c4 c6 3. Nf3 Nf6 4. Nc3 dxc4 5. a4 e6 6. e3 c5
7. Bxc4 cxd4 8. exd4 Nc6 9. O-O Be7 10. Qe2 O-O 11. Rd1 Nb4
12. Bg5 Bd7 13. d5 exd5 14. Nxd5 Nbxd5 15. Bxd5 Nxd5 16. Rxd5
Bxg5 17. Nxg5 h6 18. Qd2 hxg5 19. Rxd7 Qf6 20. Rd1 Rfe8
21. Rxb7 Rad8 22. Rd7 Rxd7 23. Qxd7 Rb8 24. Qxa7 Rxb2 25. h3
Ra2 26. Qb8+ 1-0

[Event "Dortmund Sparkassen"]
[Site "Dortmund GER"]
[Date "2013.07.27"]
[EventDate "2013.07.26"]
[Round "2"]
[Result "1-0"]
[White "Wang Hao"]
[Black "Daniel Grigoryevich Fridman"]
[WhiteElo "2752"]
[BlackElo "2629"]
[PlyCount "95"]

1. e4 e5 2. Nf3 Nf6 3. Nxe5 d6 4. Nf3 Nxe4 5. Nc3 Nxc3 6. dxc3
Be7 7. Be3 Nc6 8. Qd2 O-O 9. O-O-O Ne5 10. Kb1 b6 11. h4 Bb7
12. Nd4 Qd7 13. f4 Ng4 14. Bb5 Qc8 15. Bd3 Nxe3 16. Qxe3 Bf6
17. Nf5 Re8 18. Qf2 Qe6 19. Rhe1 Qd7 20. g4 Rxe1 21. Rxe1 Re8
22. Rxe8+ Qxe8 23. g5 Bd8 24. b4 Bc8 25. Ne3 c6 26. f5 f6
27. Qf4 b5 28. Ng4 Qe7 29. gxf6 gxf6 30. Kb2 d5 31. Qg3 Kf8
32. Nh6 Ke8 33. Qg8+ Kd7 34. a3 Bb6 35. Qh8 Bd8 36. h5 Kc7
37. Qg8 Kb7 38. Nf7 Bc7 39. Qxh7 a5 40. bxa5 Kb8 41. Qg8 Bxa5
42. h6 Qe1 43. Nd6 Bxc3+ 44. Kb3 Kc7 45. Qxc8+ Kxd6 46. Qe6+
Qxe6 47. fxe6 Be5 48. Bf5 1-0

[Event "Dortmund Sparkassen"]
[Site "Dortmund GER"]
[Date "2013.07.28"]
[EventDate "2013.07.26"]
[Round "3"]
[Result "1/2-1/2"]
[White "Dmitry Andreikin"]
[Black "Wang Hao"]
[WhiteElo "2727"]
[BlackElo "2752"]
[PlyCount "23"]

1. d4 d5 2. c4 c6 3. cxd5 cxd5 4. Bf4 Nc6 5. e3 Nf6 6. Nc3 a6
7. Be2 Bf5 8. g4 Be6 9. h4 Ne4 10. Rc1 g6 11. Qb3 Na5 12. Qd1
1/2-1/2

[Event "Dortmund Sparkassen"]
[Site "Dortmund GER"]
[Date "2013.07.29"]
[EventDate "2013.07.26"]
[Round "4.3"]
[Result "1-0"]
[White "Wang Hao"]
[Black "Fabiano Caruana"]
[WhiteElo "2752"]
[BlackElo "2796"]
[PlyCount "77"]

1. Nf3 Nf6 2. g3 d5 3. Bg2 c6 4. O-O Bg4 5. c4 e6 6. d3 dxc4
7. dxc4 Nbd7 8. Nc3 Qc7 9. h3 Bh5 10. Nh4 Be7 11. Bf4 e5
12. Bg5 Bg6 13. Nxg6 hxg6 14. Qc2 Nc5 15. Rad1 Ne6 16. Bc1 Nd4
17. Qa4 Nd7 18. Rd2 Nc5 19. Qd1 a5 20. e3 Nde6 21. Nd5 cxd5
22. cxd5 Ng5 23. h4 Qd6 24. hxg5 Bxg5 25. b3 Nd7 26. a4 O-O
27. Ra2 Nc5 28. Ba3 Be7 29. Rc2 Rac8 30. Qe2 Qb6 31. Rfc1 Bd6
32. Qg4 Qa7 33. Bf3 b6 34. Kg2 Rfe8 35. Rh1 Qe7 36. e4 Nd7
37. Rxc8 Rxc8 38. Qh3 f5 39. Bxd6 1-0

[Event "Dortmund Sparkassen"]
[Site "Dortmund GER"]
[Date "2013.07.30"]
[EventDate "2013.07.26"]
[Round "5"]
[Result "1-0"]
[White "Michael Adams"]
[Black "Wang Hao"]
[WhiteElo "2740"]
[BlackElo "2752"]
[PlyCount "61"]

1. c4 Nf6 2. g3 c5 3. Bg2 g6 4. Nc3 Bg7 5. Nf3 O-O 6. d4 cxd4
7. Nxd4 Nc6 8. O-O Qa5 9. Nb3 Qh5 10. Nd5 d6 11. Nf4 Qe5
12. Re1 a5 13. a4 Be6 14. Nd2 Bf5 15. Nd5 Nxd5 16. cxd5 Nb4
17. e4 Bd7 18. Nc4 Qd4 19. Qxd4 Bxd4 20. Be3 Rfc8 21. Bf1 Rxc4
22. Bxc4 Bxb2 23. Rab1 Bf6 24. Rec1 Bxa4 25. Bb6 Bd7 26. Bxa5
Rxa5 27. Rxb4 b5 28. Bd3 Kg7 29. Kg2 g5 30. Rc7 Bg4 31. e5 1-0

[Event "Dortmund Sparkassen"]
[Site "Dortmund GER"]
[Date "2013.08.01"]
[EventDate "2013.07.26"]
[Round "6"]
[Result "1/2-1/2"]
[White "Peter Leko"]
[Black "Wang Hao"]
[WhiteElo "2737"]
[BlackElo "2752"]
[PlyCount "103"]

1. e4 e6 2. d4 d5 3. Nc3 Nf6 4. e5 Nfd7 5. f4 c5 6. Nf3 Nc6
7. Be3 Be7 8. Qd2 O-O 9. dxc5 Bxc5 10. O-O-O Qa5 11. a3 a6
12. Bxc5 Nxc5 13. Qe3 Bd7 14. f5 Qb6 15. Qf4 d4 16. Nxd4 Nxd4
17. Rxd4 exf5 18. Rd6 Qa7 19. Nd5 Kh8 20. Nb6 Rad8 21. Nxd7
Nxd7 22. Qd2 b5 23. Be2 Qc7 24. Rd1 Nc5 25. Qc3 Rc8 26. b4 Ne4
27. Qxc7 Rxc7 28. Rxa6 Rfc8 29. Bd3 g6 30. Kb2 Kg7 31. e6 Nf2
32. Rd2 Nxd3+ 33. cxd3 Rd8 34. exf7 Kxf7 35. Ra5 Rb7 36. a4
bxa4 37. Rxa4 Ke6 38. g3 Ke5 39. Kc3 Rc8+ 40. Kb3 Kd4 41. Rb2
Rc3+ 42. Ka2 Rxd3 43. Ra8 g5 44. b5 f4 45. gxf4 gxf4 46. b6
Ke3 47. Ra7 Rdd7 48. Ra3+ Ke4 49. Re2+ Kf5 50. Rb2 Ke4
51. Re2+ Kf5 52. Rb2 1/2-1/2

[Event "Dortmund Sparkassen"]
[Site "Dortmund GER"]
[Date "2013.08.02"]
[EventDate "2013.07.26"]
[Round "7"]
[Result "0-1"]
[White "Wang Hao"]
[Black "Arkadij Naiditsch"]
[WhiteElo "2752"]
[BlackElo "2710"]
[PlyCount "66"]

1. Nf3 Nf6 2. g3 d5 3. Bg2 g6 4. c4 Bg7 5. cxd5 Nxd5 6. Nc3 c5
7. h4 Nc6 8. h5 O-O 9. hxg6 hxg6 10. Qa4 e6 11. Ne4 Qb6
12. Neg5 Ncb4 13. d3 Bd7 14. Qd1 Rfd8 15. a3 Nc6 16. Kf1 Na5
17. e4 Ne7 18. Nxf7 Kxf7 19. Rh7 Kg8 20. Rxg7+ Kxg7 21. Qd2
Kg8 22. Qh6 e5 23. Bg5 Qd6 24. d4 cxd4 25. b4 Nac6 26. b5 Na5
27. Qh4 Bxb5+ 28. Kg1 Nac6 29. Rb1 Ba6 30. Nh2 Rf8 31. Ng4 d3
32. Nf6+ Rxf6 33. Bxf6 Rf8 0-1

[Event "Dortmund Sparkassen"]
[Site "Dortmund GER"]
[Date "2013.08.03"]
[EventDate "2013.07.26"]
[Round "8"]
[Result "1-0"]
[White "Igor Khenkin"]
[Black "Wang Hao"]
[WhiteElo "2605"]
[BlackElo "2752"]
[PlyCount "61"]

1. d4 Nf6 2. c4 g6 3. Nc3 Bg7 4. e4 d6 5. Nf3 O-O 6. Be2 Na6
7. O-O e5 8. Re1 c6 9. Be3 Ng4 10. Bg5 f6 11. Bh4 h5 12. h3
Nh6 13. c5 exd4 14. Bxa6 bxa6 15. Nxd4 dxc5 16. Nxc6 Qe8
17. Qd6 Kh7 18. Nd5 Bb7 19. Nce7 Rd8 20. Qxc5 Qb5 21. Qc3 g5
22. Bg3 Rf7 23. Rad1 h4 24. Bh2 Qe8 25. Qc7 Bxd5 26. exd5 f5
27. d6 Qd7 28. Nc6 Rc8 29. Qxd7 Rxd7 30. Re7 Rxe7 31. Nxe7 1-0

[Event "FIDE Grand Prix Paris"]
[Site "Paris FRA"]
[Date "2013.09.22"]
[EventDate "2013.09.22"]
[Round "1"]
[Result "1/2-1/2"]
[White "Alexander Grischuk"]
[Black "Wang Hao"]
[WhiteElo "2785"]
[BlackElo "2736"]
[PlyCount "60"]

1. e4 e6 2. d4 d5 3. Nc3 Nf6 4. e5 Nfd7 5. f4 c5 6. Nf3 Nc6
7. Be3 Be7 8. Qd2 b6 9. Bd3 Bb7 10. O-O O-O 11. Nd1 cxd4
12. Nxd4 Nxd4 13. Bxd4 f5 14. exf6 Bxf6 15. c3 Qc7 16. Qe3
Rae8 17. Qh3 g6 18. Ne3 Bxd4 19. cxd4 Rxf4 20. Bxg6 hxg6
21. Qh6 Rf6 22. Ng4 Rxf1+ 23. Rxf1 Qc2 24. Qh4 Rf8 25. Nh6+
Kg7 26. Qe7+ Kxh6 27. Qh4+ Kg7 28. Qe7+ Kh6 29. Qh4+ Kg7
30. Qe7+ Kh6 1/2-1/2

[Event "FIDE Grand Prix Paris"]
[Site "Elancourt FRA"]
[Date "2013.10.02"]
[EventDate "2013.09.22"]
[Round "9"]
[Result "1/2-1/2"]
[White "Etienne Bacrot"]
[Black "Wang Hao"]
[WhiteElo "2723"]
[BlackElo "2736"]
[PlyCount "80"]

1. d4 Nf6 2. c4 e6 3. Nf3 Bb4+ 4. Bd2 Bxd2+ 5. Qxd2 d5 6. g3
O-O 7. Bg2 Nbd7 8. O-O c6 9. Rc1 b6 10. b4 a5 11. b5 cxb5
12. cxb5 Bb7 13. Qb2 Qe7 14. Nbd2 Rfc8 15. e3 h6 16. Rxc8+
Rxc8 17. Rc1 Qf8 18. Rc3 Ne4 19. Rxc8 Qxc8 20. Nb1 Ndf6
21. Nfd2 Nxd2 22. Nxd2 Ne4 23. Nb1 h5 24. Bf1 h4 25. Bd3 hxg3
26. hxg3 Qc7 27. Kg2 Nd6 28. Qc3 Qd7 29. a4 e5 30. Kg1 e4
31. Be2 g6 32. Nd2 Kg7 33. Bd1 f6 34. f4 exf3 35. Bxf3 Nf7
36. Bg2 Ng5 37. Qc2 Qe7 38. Kf2 Qd7 39. Kg1 Qe7 40. Kf2 Qd7
1/2-1/2

[Event "European Club Cup"]
[Site "Rhodes GRE"]
[Date "2013.10.21"]
[EventDate "2013.10.20"]
[Round "2.4"]
[Result "1-0"]
[White "Wang Hao"]
[Black "Stefan Schneider"]
[WhiteElo "2733"]
[BlackElo "2327"]
[PlyCount "81"]

1. Nf3 Nf6 2. c4 c6 3. d4 d5 4. Nc3 a6 5. e3 b5 6. b3 Bg4
7. Be2 e6 8. h3 Bh5 9. O-O Be7 10. Bb2 O-O 11. g4 Bg6 12. Ne5
Nfd7 13. Nxg6 hxg6 14. f4 Ra7 15. c5 g5 16. Bd3 Qc7 17. Kg2 g6
18. f5 e5 19. fxg6 e4 20. Bxe4 dxe4 21. gxf7+ Rxf7 22. Rxf7
Kxf7 23. Nxe4 Ke8 24. Qf3 Nf8 25. Rf1 Qd7 26. Qf7+ Kd8 27. Qg8
Qd5 28. Rxf8+ Bxf8 29. Qxf8+ Kc7 30. Qe7+ Kc8 31. Qe8+ Kb7
32. Bc3 Ka8 33. Be1 Rg7 34. Bg3 Rg8 35. Qe5 Rd8 36. Qxd5 cxd5
37. Nxg5 Nc6 38. Ne6 Rd7 39. g5 Ne7 40. Kf3 Nf5 41. Bf4 1-0

[Event "European Club Cup"]
[Site "Rhodes GRE"]
[Date "2013.10.22"]
[EventDate "2013.10.20"]
[Round "3.6"]
[Result "1/2-1/2"]
[White "Danyyil Dvirnyy"]
[Black "Wang Hao"]
[WhiteElo "2568"]
[BlackElo "2733"]
[PlyCount "127"]

1. Nf3 c5 2. c4 Nc6 3. Nc3 e5 4. g3 g6 5. Bg2 Bg7 6. O-O Nge7
7. a3 a5 8. d3 d6 9. Ne1 Be6 10. Nc2 d5 11. cxd5 Nxd5 12. Ne3
Nde7 13. Nc4 O-O 14. Bg5 f6 15. Be3 b6 16. Qa4 Qc7 17. f4 Rac8
18. Nb5 Qb8 19. Nbd6 Rc7 20. Qb5 exf4 21. gxf4 Rd8 22. f5 gxf5
23. b4 f4 24. Bf2 f5 25. bxc5 Nd4 26. Qxb6 Nxe2+ 27. Kh1 Bxa1
28. Nb7 Bd5 29. Nxd8 Qxd8 30. Rxa1 Nc6 31. Nd2 Bxg2+ 32. Kxg2
Qd5+ 33. Kf1 Qh1+ 34. Kxe2 f3+ 35. Ke3 Re7+ 36. Ne4 Qxa1
37. Qxc6 Qc1+ 38. Kd4 Qb2+ 39. Ke3 Qc1+ 40. Kd4 Qb2+ 41. Ke3
Qg7 42. Qa8+ Qf8 43. Qd5+ Qf7 44. Qd8+ Re8 45. Qg5+ Qg6
46. Qxg6+ hxg6 47. Bg3 Kf7 48. Kxf3 fxe4+ 49. dxe4 Rc8 50. Bd6
Ke6 51. Kg4 a4 52. Kg5 Rh8 53. h4 Rh5+ 54. Kg4 Kd7 55. Kg3 g5
56. hxg5 Rxg5+ 57. Kf4 Rh5 58. e5 Rh3 59. Ke4 Rc3 60. Kd5 Rd3+
61. Kc4 Rb3 62. Kd5 Rd3+ 63. Kc4 Rb3 64. Kd5 1/2-1/2

[Event "European Club Cup"]
[Site "Rhodes GRE"]
[Date "2013.10.23"]
[EventDate "2013.10.20"]
[Round "4.3"]
[Result "1/2-1/2"]
[White "Axel Delorme"]
[Black "Wang Hao"]
[WhiteElo "2482"]
[BlackElo "2733"]
[PlyCount "133"]

1. d4 Nf6 2. c4 e6 3. Nf3 d5 4. Nc3 c6 5. e3 g6 6. Qc2 Bg7
7. Be2 O-O 8. O-O Nbd7 9. e4 dxe4 10. Nxe4 Nxe4 11. Qxe4 c5
12. Be3 cxd4 13. Bxd4 e5 14. Bc3 Re8 15. Rfd1 Qc7 16. Qe3 b6
17. Ng5 Nf6 18. Bf3 Rb8 19. Bb4 e4 20. Bd6 Qb7 21. Be2 Ra8
22. c5 h6 23. Bb5 Bd7 24. c6 Bxc6 25. Bxc6 Qxc6 26. Nxf7 Kxf7
27. Qb3+ Re6 28. Rac1 Qe8 29. Rc7+ Nd7 30. Ba3 Rd8 31. Qd5 Kg8
32. Rxa7 Kh8 33. Rxd7 Rxd7 34. Qxd7 Qxd7 35. Rxd7 Rc6 36. Kf1
h5 37. Rd1 Rc2 38. Re1 Bxb2 39. Bxb2+ Rxb2 40. Rxe4 Rxa2
41. Re6 Kg7 42. Rxb6 Ra1+ 43. Ke2 Ra2+ 44. Kf3 Ra3+ 45. Kf4
Ra4+ 46. Kg3 Ra3+ 47. f3 Ra2 48. h4 Rc2 49. Rb5 Kf6 50. Kh3
Rc4 51. Rb3 Ra4 52. Rb6+ Kg7 53. Rb3 Kf6 54. g4 hxg4+ 55. fxg4
Kg7 56. Kg3 Rc4 57. Rb7+ Kg8 58. Kf3 Kf8 59. Ra7 Rb4 60. Ra3
Kf7 61. Re3 Kf6 62. Re4 Rb1 63. g5+ Kf5 64. Rf4+ Ke5 65. Ra4
Rf1+ 66. Kg2 Rb1 67. Ra6 1/2-1/2

[Event "European Club Cup"]
[Site "Rhodes GRE"]
[Date "2013.10.24"]
[EventDate "2013.10.20"]
[Round "5.1"]
[Result "1-0"]
[White "Wang Hao"]
[Black "Alexey Dreev"]
[WhiteElo "2733"]
[BlackElo "2679"]
[PlyCount "105"]

1. e4 c6 2. d4 d5 3. e5 Bf5 4. Nf3 e6 5. Be2 Ne7 6. O-O Bg6
7. Nbd2 Nf5 8. Nb3 Nd7 9. a4 a6 10. a5 c5 11. c3 cxd4 12. cxd4
Rc8 13. Bd2 Nb8 14. Ne1 Nc6 15. Bc3 Bb4 16. Nd3 Bxc3 17. bxc3
O-O 18. Ndc5 Qe7 19. g4 Nh6 20. f4 f6 21. exf6 gxf6 22. Bf3
Kh8 23. Kh1 Rce8 24. Re1 Qf7 25. Ra2 Rg8 26. h3 e5 27. dxe5
fxe5 28. Bxd5 Qxf4 29. Bxg8 Rxg8 30. Rf1 Qc4 31. Qf3 Rg7
32. Ra4 Qg8 33. Qf8 Nf7 34. Qxg8+ Rxg8 35. Ne4 Bxe4+ 36. Rxe4
Ng5 37. Re3 Ne6 38. Rf7 Rb8 39. Rd7 Kg8 40. Nd2 Nf8 41. Rd5
Ng6 42. Nf3 Rf8 43. Kh2 Rf7 44. Kg3 Kg7 45. h4 h5 46. Ng5 Re7
47. gxh5 Nf4 48. Rd6 Nxh5+ 49. Kg4 Nf6+ 50. Kf5 Re8 51. Ne6+
Kf7 52. Nd8+ Ke7 53. Rxf6 1-0

[Event "European Club Cup"]
[Site "Rhodes GRE"]
[Date "2013.10.25"]
[EventDate "2013.10.20"]
[Round "6.1"]
[Result "0-1"]
[White "Zbynek Hracek"]
[Black "Wang Hao"]
[WhiteElo "2636"]
[BlackElo "2733"]
[PlyCount "96"]

1. d4 Nf6 2. c4 e6 3. Nf3 d5 4. Nc3 dxc4 5. e4 Bb4 6. Bg5 c5
7. Bxc4 cxd4 8. Nxd4 Qa5 9. Bxf6 Bxc3+ 10. bxc3 Qxc3+ 11. Kf1
gxf6 12. Rc1 Qa5 13. g3 Bd7 14. Kg2 O-O 15. h4 Kh8 16. Qf3 Qe5
17. Qe3 Bc6 18. Rhe1 Rd8 19. Nf3 Qh5 20. Be2 Qg6 21. e5 Nd7
22. exf6 Nxf6 23. Kg1 Nd5 24. Qd4+ f6 25. Bd3 Qg7 26. Rxe6 Nb4
27. Qxb4 Rxd3 28. Rcxc6 bxc6 29. Qe4 Rad8 30. Qxc6 Qd7
31. Qxd7 R8xd7 32. Rxf6 Ra3 33. Ng5 Kg7 34. Rc6 Rxa2 35. h5
Re2 36. h6+ Kf8 37. Rf6+ Kg8 38. Kg2 Re8 39. f4 Ra8 40. Ra6
Rb7 41. f5 Rb6 42. Ra5 a6 43. g4 Rb5 44. Ra2 a5 45. Rd2 Rb6
46. Ne6 a4 47. Rd7 a3 48. Nc7 a2 0-1

[Event "European Club Cup"]
[Site "Rhodes GRE"]
[Date "2013.10.26"]
[EventDate "2013.10.20"]
[Round "7.2"]
[Result "1/2-1/2"]
[White "Wang Hao"]
[Black "Maxim Matlakov"]
[WhiteElo "2733"]
[BlackElo "2682"]
[PlyCount "81"]

1. Nf3 Nf6 2. c4 c5 3. Nc3 Nc6 4. e3 e6 5. d4 d5 6. cxd5 exd5
7. Bb5 Bd6 8. dxc5 Bxc5 9. O-O O-O 10. b3 Bg4 11. Bb2 Rc8
12. h3 Bh5 13. Be2 Qd7 14. Rc1 Rfd8 15. Na4 Be7 16. Nc5 Bxc5
17. Rxc5 Ne4 18. Rc2 f6 19. a3 a6 20. b4 Ne7 21. Rxc8 Rxc8
22. g4 Bf7 23. Nd4 Nc3 24. Bxc3 Rxc3 25. Qa1 Rc8 26. Nb3 Nc6
27. Rc1 Ne5 28. Rc5 Nc4 29. Bxc4 dxc4 30. Qd4 Qe8 31. Rxc8
Qxc8 32. Nc5 h5 33. f3 Qc7 34. f4 Qc8 35. f5 Qc6 36. Ne4 c3
37. Nxc3 Qf3 38. Qf4 Qxh3 39. gxh5 Bxh5 40. Nd5 Bf3 41. Ne7+
1/2-1/2

[Event "SportAccord World Mind Games (Men, Rapid)"]
[Site "Beijing CHN"]
[Date "2013.12.12"]
[EventDate "2013.12.12"]
[Round "1.1"]
[Result "0-1"]
[White "Levon Aronian"]
[Black "Wang Hao"]
[WhiteElo "2803"]
[BlackElo "2735"]
[PlyCount "118"]

1. c4 e5 2. Nc3 Nf6 3. Nf3 Nc6 4. g3 Nd4 5. Bg2 Nxf3+ 6. Bxf3
Bc5 7. e3 O-O 8. O-O Be7 9. b3 c6 10. d4 d6 11. Bb2 Bh3
12. Re1 Qc8 13. c5 Re8 14. d5 dxc5 15. dxc6 bxc6 16. Ne4 Bf5
17. Nxf6+ Bxf6 18. Qc1 c4 19. Bg2 Bd3 20. Rd1 Qa6 21. Bxc6
Qxc6 22. Rxd3 e4 23. Rc3 Bxc3 24. Qxc3 f6 25. bxc4 Rab8
26. Rc1 Red8 27. c5 Qa4 28. c6 Rd1+ 29. Rxd1 Qxd1+ 30. Kg2
Qf3+ 31. Kg1 Qd1+ 32. Kg2 Qd5 33. Ba3 Rc8 34. c7 Qd7 35. Qc4+
Kh8 36. Qxe4 Qxc7 37. Qd3 Qc6+ 38. Kg1 Qa4 39. h3 h6 40. g4 a5
41. Qf5 Rd8 42. Be7 Rd1+ 43. Kh2 Qc6 44. Ba3 Rh1+ 45. Kg3 Qc7+
46. f4 Qc3 47. Kh4 Rd1 48. Bc5 Qd3 49. Qc8+ Qd8 50. Qe6 Qd7
51. Qe4 Qd5 52. Qe8+ Qg8 53. Qe4 Qxa2 54. Bd4 Qg8 55. Qc2 Rg1
56. f5 Kh7 57. e4 Re1 58. Bc3 Qc4 59. Qf2 Qxc3 0-1

[Event "SportAccord World Mind Games (Men, Rapid)"]
[Site "Beijing CHN"]
[Date "2013.12.12"]
[EventDate "2013.12.12"]
[Round "2.2"]
[Result "1/2-1/2"]
[White "Wang Hao"]
[Black "Wang Yue"]
[WhiteElo "2735"]
[BlackElo "2723"]
[PlyCount "97"]

1. d4 Nf6 2. c4 e6 3. Nf3 d5 4. Nc3 c5 5. cxd5 Nxd5 6. e4 Nxc3
7. bxc3 cxd4 8. cxd4 Bb4+ 9. Bd2 Bxd2+ 10. Qxd2 O-O 11. Bc4
Nd7 12. O-O b6 13. Rfe1 Bb7 14. a4 Rc8 15. Bd3 Qc7 16. a5 Rfd8
17. axb6 axb6 18. Qe3 h6 19. h3 Qc3 20. Rac1 Qa3 21. Ra1 Qc3
22. Rec1 Qb2 23. Rcb1 Qc3 24. Ra7 Rc7 25. Ne1 Ra8 26. Rxa8+
Bxa8 27. f3 Bb7 28. Kf2 Qa3 29. Qd2 Ba6 30. Bxa6 Qxa6 31. Nd3
Qc4 32. Nb4 Qc3 33. Qxc3 Rxc3 34. Ke2 g5 35. Kd2 Rc7 36. Kd3
Kg7 37. Ra1 h5 38. g3 e5 39. d5 Nc5+ 40. Ke3 Nb3 41. Rd1 Nd4
42. f4 f6 43. fxe5 fxe5 44. Nd3 Rc3 45. Rf1 Nb3 46. Ke2 Rc2+
47. Ke3 Rc3 48. Ke2 Rc2+ 49. Ke3 1/2-1/2

[Event "SportAccord World Mind Games (Men, Rapid)"]
[Site "Beijing CHN"]
[Date "2013.12.12"]
[EventDate "2013.12.12"]
[Round "3.3"]
[Result "1/2-1/2"]
[White "Vassily Ivanchuk"]
[Black "Wang Hao"]
[WhiteElo "2731"]
[BlackElo "2735"]
[PlyCount "79"]

1. e4 e5 2. Nf3 Nf6 3. Nxe5 d6 4. Nf3 Nxe4 5. d4 d5 6. Bd3 Nc6
7. O-O Be7 8. c4 Nb4 9. Be2 O-O 10. Nc3 Bf5 11. a3 Nxc3
12. bxc3 Nc6 13. Re1 Re8 14. cxd5 Qxd5 15. Bf4 Rac8 16. Qc1
Qd7 17. Qb2 Bd6 18. Be3 Na5 19. c4 b6 20. Rad1 Bf8 21. Ne5 Qd6
22. Qb5 c5 23. Bf3 Be6 24. d5 Qxe5 25. Bd2 Qf6 26. dxe6 Rxe6
27. Rxe6 Qxe6 28. Bxa5 bxa5 29. Bd5 Qe7 30. Qxa5 Qc7 31. Qc3
g6 32. Rb1 Rb8 33. Rb5 Bg7 34. Qb3 Rb6 35. g3 Bd4 36. Kg2 Rf6
37. f4 Qe7 38. Qf3 Rb6 39. Rxb6 axb6 40. Qe4 1/2-1/2

[Event "SportAccord World Mind Games (Men, Rapid)"]
[Site "Beijing CHN"]
[Date "2013.12.12"]
[EventDate "2013.12.12"]
[Round "4.2"]
[Result "0-1"]
[White "Ian Nepomniachtchi"]
[Black "Wang Hao"]
[WhiteElo "2721"]
[BlackElo "2735"]
[PlyCount "116"]

1. e4 e6 2. d4 d5 3. Nc3 Nf6 4. e5 Nfd7 5. f4 c5 6. Nf3 Nc6
7. Be3 Be7 8. Qd2 b6 9. Be2 O-O 10. O-O Bb7 11. Nd1 cxd4
12. Nxd4 Nxd4 13. Bxd4 Nc5 14. Nc3 Rc8 15. Rad1 Ba6 16. Bxa6
Nxa6 17. f5 exf5 18. Qd3 Nc5 19. Qxf5 Ne6 20. Ne2 Qd7 21. c3
Qa4 22. a3 Qb3 23. Qb1 Bc5 24. Kh1 Bxd4 25. Nxd4 Nxd4 26. Rxd4
Rc4 27. h3 Rxd4 28. cxd4 Qe3 29. Qd1 g6 30. Rf3 Qe4 31. Kh2
Kg7 32. Qd2 Qh4 33. Qb4 Re8 34. Qb5 Qd8 35. Qf1 Qd7 36. Rf4
Re6 37. Qf3 Rc6 38. a4 a6 39. Qd3 Qb7 40. Qe3 Qe7 41. Qf3 Qd7
42. Rf6 Re6 43. b3 b5 44. a5 Qe7 45. Rf4 Qd7 46. h4 h5 47. g4
hxg4 48. Qxg4 Qc7 49. h5 Qxa5 50. h6+ Kxh6 51. Rxf7 Qd2+
52. Kh3 Qe3+ 53. Kg2 Qd2+ 54. Kh3 Qe3+ 55. Rf3 Qe4 56. Qxe4
dxe4 57. Rf6 Rxf6 58. exf6 g5 0-1

[Event "SportAccord World Mind Games (Men, Rapid)"]
[Site "Beijing CHN"]
[Date "2013.12.13"]
[EventDate "2013.12.4"]
[Round "6.4"]
[Result "1/2-1/2"]
[White "Sergey Karjakin"]
[Black "Wang Hao"]
[WhiteElo "2756"]
[BlackElo "2735"]
[PlyCount "87"]

1. e4 e5 2. Nf3 Nf6 3. Nxe5 d6 4. Nf3 Nxe4 5. Nc3 Nxc3 6. dxc3
Be7 7. Be3 O-O 8. Qd2 b6 9. O-O-O Bb7 10. Nd4 Nc6 11. Nf5 Bf6
12. h4 Ne7 13. Ng3 Nd5 14. Bg5 h6 15. Bc4 hxg5 16. Bxd5 Bxd5
17. Qxd5 gxh4 18. Ne4 Re8 19. Qf5 Re5 20. Nxf6+ Qxf6 21. Qxf6
gxf6 22. Rxh4 Rae8 23. b3 Re1 24. Rxe1 Rxe1+ 25. Kd2 Re5
26. Kd3 f5 27. Rc4 Rd5+ 28. Rd4 Re5 29. f4 Re1 30. Rd5 Rg1
31. Rxf5 Rxg2 32. Rg5+ Rxg5 33. fxg5 Kg7 34. Ke4 Kg6 35. Kf4
b5 36. c4 b4 37. Kg4 a5 38. Kf4 c6 39. Kg4 c5 40. Kf4 f5
41. gxf6 Kxf6 42. Ke4 Ke6 43. Kf4 Kf6 44. Ke4 1/2-1/2

[Event "SportAccord World Mind Games (Men, Rapid)"]
[Site "Beijing CHN"]
[Date "2013.12.13"]
[EventDate "2013.12.4"]
[Round "7.3"]
[Result "1/2-1/2"]
[White "Wang Hao"]
[Black "Alexander Grischuk"]
[WhiteElo "2735"]
[BlackElo "2783"]
[PlyCount "72"]

1. c4 c5 2. Nf3 Nc6 3. Nc3 e5 4. e3 Nf6 5. d4 e4 6. Ne5 g6
7. Rb1 Bg7 8. Nxc6 dxc6 9. dxc5 Qxd1+ 10. Kxd1 O-O 11. Be2 Re8
12. Kc2 Re5 13. b4 Rg5 14. g3 Bh3 15. Bf1 Be6 16. Bb2 Rf5
17. Nd1 Ng4 18. Be2 h5 19. h4 Nxf2 20. Rf1 Nxd1 21. Rbxd1 Rxf1
22. Bxf1 Bxb2 23. Kxb2 Kf8 24. Kc3 Ke7 25. b5 Rc8 26. a4 Rd8
27. Rxd8 Kxd8 28. Kd4 f5 29. Ke5 Ke7 30. a5 a6 31. Be2 Bd7
32. bxa6 bxa6 33. Bd1 Be6 34. Ba4 Bd7 35. Bb3 Be6 36. Ba4 Bd7
1/2-1/2

[Event "SportAccord World Mind Games (Men, Basque)"]
[Site "Beijing CHN"]
[Date "2013.12.17"]
[EventDate "2013.12.17"]
[Round "1.1"]
[Result "1-0"]
[White "Wang Hao"]
[Black "Teimour Radjabov"]
[WhiteElo "2735"]
[BlackElo "2713"]
[PlyCount "75"]

1. d4 Nf6 2. c4 g6 3. Nc3 Bg7 4. e4 d6 5. Nf3 O-O 6. h3 e5
7. d5 Nh5 8. g3 Qe8 9. Be2 Na6 10. Nh2 Nf6 11. Ng4 Nd7
12. Nh6+ Kh8 13. h4 f5 14. h5 Ndc5 15. hxg6 Qxg6 16. exf5 Bxf5
17. Nxf5 Qxf5 18. Be3 Nb4 19. Kd2 Qg6 20. a3 Nbd3 21. Qc2 e4
22. b4 Nxf2 23. bxc5 Nxh1 24. Rxh1 Rae8 25. Nb5 dxc5 26. Nxc7
Re7 27. Nb5 a6 28. Bxc5 Qg5+ 29. Be3 Qxg3 30. Nd4 Qd6 31. Qb3
b5 32. Qb4 Qxb4+ 33. axb4 bxc4 34. Bxc4 Bf6 35. Ne6 Rb8
36. Bc5 Reb7 37. Ke3 Bc3 38. d6 1-0

[Event "SportAccord World Mind Games (Men, Basque)"]
[Site "Beijing CHN"]
[Date "2013.12.17"]
[EventDate "2013.12.17"]
[Round "2.1"]
[Result "1-0"]
[White "Alexander Grischuk"]
[Black "Wang Hao"]
[WhiteElo "2783"]
[BlackElo "2735"]
[PlyCount "129"]

1. e4 c5 2. Nf3 d6 3. d4 cxd4 4. Nxd4 Nf6 5. Nc3 a6 6. Bg5
Nbd7 7. Qe2 e6 8. O-O-O Qc7 9. f4 b5 10. a3 Bb7 11. g4 Rc8
12. Bxf6 gxf6 13. h4 h6 14. Rh3 Rg8 15. Kb1 Qb6 16. f5 e5
17. Nb3 Nc5 18. Rg3 Be7 19. Nd5 Bxd5 20. Rxd5 Nxb3 21. cxb3 h5
22. Bh3 hxg4 23. Rxg4 Rxg4 24. Bxg4 Bf8 25. Rd1 Bh6 26. Bh5
Bf4 27. Qd3 Qd4 28. Qxd4 exd4 29. Be2 Ke7 30. h5 Rg8 31. Rxd4
Rg2 32. Bf3 Rf2 33. Rd3 Be5 34. b4 Rxb2+ 35. Kc1 Rh2 36. Kd1
Kf8 37. Bg4 Rh4 38. Bf3 Kg7 39. Ke2 Rh2+ 40. Kf1 Kh6 41. Re3
Kg5 42. Re2 Rh3 43. Rg2+ Kf4 44. Bg4 Rh1+ 45. Ke2 Bb2 46. Bf3
Rh3 47. Rg4+ Ke5 48. Rg1 Bxa3 49. Rh1 Rg3 50. h6 Rg8 51. Bh5
Bxb4 52. Bxf7 Rh8 53. Kf3 Bc5 54. h7 a5 55. Bg8 Kd4 56. Rd1+
Kc3 57. Kg4 b4 58. Kh5 b3 59. Kg6 a4 60. Rh1 Be3 61. Rh3 Kd3
62. Kg7 Rxh7+ 63. Rxh7 Kxe4 64. Kxf6 Bd4+ 65. Kg6 1-0